000 00609nam a2200193 i 4500
001 21936
003 ES-MaACL
005 20230906152556.0
007 t|
008 021128s1902 it ||||1| ita d
100 1 _aAlessandri, Paolo Emilio.
_919748
245 1 3 _aLa pratica delle disinfezioni pubbliche e private /
_cper Paolo Emilio Alessandri e Luciano Pizzini.
250 _a2ยช ed.
260 _aMilano :
_bUlrico Hoepli,
_c1902 (
_eFirenze :
_fS. Landi)
300 _aVII, 258 p. :
_bil. ;
_c16 cm.
700 1 _aPizzini, Luciano.
_992465
852 _aES-MaACL
_jD-3621
852 _aES-MaACL
_jF-4561
999 _c21936
_d21936